000 00851nam a2200193 i 4500
001 190160
003 ES-MaACL
005 20250815063245.0
008 200904s1889 sp |||| | spa d
100 1 _aSitges, Juan B.,
_d1842-1919
_9170252
245 1 0 _aMemoria sobre supuestos fraudes realizados en la importación de alcoholes de Alemania y Suecia : formada por la comisión nombrada por Real orden de 9 de julio de 1888 y publicada por Real orden de 17 de junio de 1889.
260 _a[S.l.] :
_b[s.n.],
_c1889 (
_eMadrid :
_fEstab. tip. "Sucesores de Rivadeneyra")
300 _a45 p. ;
_c28 cm.
594 _aAutores (p. 6): Juan B. Sitges, Eduardo Blanco y Cruz.
650 4 _aAlcohol-
_zEspaña-
_xImportación.
_9170253
700 1 _aBlanco y Cruz, Eduardo.
_9170254
852 _aES-MaACL
_jT-508-F-15
999 _c190160
_d190160